Statistics for 25 Most Photographed Cities in Europe

Click here to take the quiz!

General Stats

  • This quiz has been taken 61,838 times
  • The average score is 14 of 25

Answer Stats

# City % Correct
3Paris
99%
11London
98%
1Rome
96%
10Madrid
91%
19Berlin
91%
2Barcelona
86%
21Amsterdam
79%
18Athens
75%
5Venice
73%
25Dublin
72%
12Lisbon
70%
15Vienna
70%
9Prague
69%
13Munich
64%
8Budapest
60%
7Florence
56%
4Istanbul
51%
6Monaco
40%
20Porto
22%
24Valencia
22%
16Salzburg
14%
17Granada
8%
14Verona
7%
22Fira
7%
23San Sebastián
3%

Score Distribution

Percentile by Number Answered

Percent of People with Each Score

Your Score History

You have not taken this quiz